000
00346nam a2200133Ia 4500
008
230312s9999||||xx |||||||||||||| ||und||
082
_a
891.4
_b
SHE-S
100
_a
علامہ شبلی نعمانی
245
0
_a
سیرۃ النبی ص
260
_b
ادارہ اسلامیات
_a
pak
_c
2002
300
_a
480
650
_a
Literature
942
_c
BK
999
_c
13826
_d
13826